History of india upto 1300 A D (Record no. 237458)

MARC details
000 -LEADER
fixed length control field 00444nam a2200193Ia 4500
003 - CONTROL NUMBER IDENTIFIER
control field OSt
005 - DATE AND TIME OF LATEST TRANSACTION
control field 20251212100302.0
008 - FIXED-LENGTH DATA ELEMENTS--GENERAL INFORMATION
fixed length control field 250729s1900 xx 000 0 und d
040 ## - CATALOGING SOURCE
Transcribing agency AL
041 ## - LANGUAGE CODE
Language code of text/sound track or separate title kan
082 ## - DEWEY DECIMAL CLASSIFICATION NUMBER
Classification number 954 HEBH
100 ## - MAIN ENTRY--PERSONAL NAME
Personal name Hebbar V R
9 (RLIN) 226888
245 ## - TITLE STATEMENT
Title History of india upto 1300 A D
260 ## - PUBLICATION, DISTRIBUTION, ETC.
Place of publication, distribution, etc. Mangalore
300 ## - PHYSICAL DESCRIPTION
Extent 314p
650 ## - SUBJECT ADDED ENTRY--TOPICAL TERM
Topical term or geographic name entry element History
9 (RLIN) 226889
700 ## - ADDED ENTRY--PERSONAL NAME
Personal name Rao Digumurthi
9 (RLIN) 226890
942 ## - ADDED ENTRY ELEMENTS (KOHA)
Source of classification or shelving scheme Dewey Decimal Classification
Koha item type School of Education
Holdings
Withdrawn status Lost status Damaged status Not for loan Home library Current library Date acquired Source of acquisition Cost, normal purchase price Total Checkouts Full call number Barcode Date last seen Cost, replacement price Price effective from Koha item type
        St Aloysius Library St Aloysius Library 07/29/2025 Management Books 4.00   954 HEBH BED02777 07/29/2025 3.50 07/29/2025 Book